00444nam a2200133 a 450000100100000000500170001000800410002704000250006824500210009326000530011430000210016795201050018899900170029300003983820201002033749.0130724s1988 cu 000 0 spa d aDO-SdBNPbspacBNPHU00aEl Periodista /. aLa Habana, Cuba :bPablo de la Torriente,c1988. a284 p. ;c19 cm. 001050718MOaGRbGRcCTd2013-07-24iLF1l0o p39838-10r2020-06-25w2020-06-25y1ZNo se presta c39328d39328